Tom Brady Quiz - Statistics

General Stats
  • This quiz has been taken 15,724 times
    14,537 since last reset
  • The average score is 12 of 15
Answer Stats
Hint Answer % Correct
NFL teams he played for New England Patriots
99%
NFL teams he played for Tampa Bay Buccaneers
97%
Quarterback who beat him twice in the Super Bowl Eli Manning
93%
Player who caught the most TDs from Brady Rob Gronkowski
92%
NFL head coaches he played for Bill Belichick
88%
College he played for Michigan
88%
Receiver who caught an NFL record 23 touchdowns from Brady in 2007 Randy Moss
79%
Controversy involving underinflated footballs {Deflate}gate
77%
QB who is second all-time behind Brady in passing yards and touchdowns Drew Brees
77%
Receiver who had a spectacular catch in the epic Super Bowlcomeback against the Falcons Julian Edelman
75%
State he was born in California
74%
His ex-wife Gisele Bündchen
73%
Rule which said Brady had an incomplete pass, not a fumble, in his first playoff game {Tuck} rule
65%
NFL head coaches he played for Bruce Arians
62%
Name a plant in the nightshade family that most people would eatbut Tom Brady wouldn't Tomato | Eggplant |Potato | Pepper
31%
No matching quizzes found
Score Distribution
Percent of People with Each Score
Percentile by Number Answered
Your Score History
You have not taken this quiz since the last reset